Statistics for -Ette Vocabulary Words #2

Click here to take the quiz!

General Stats

  • This quiz has been taken 492 times
  • The average score is 6 of 14

Answer Stats

HintAnswer% Correct
Where you go to wash and dry clothes with coin-operated machinesLaundrette
84%
Cooking area in a very small apartmentKitchenette
78%
Also known as a floppy diskDiskette
65%
Vegetable called zucchini by Australians and AmericansCourgette
63%
Woman at the head of a marching bandDrum {Majorette}
63%
Woman who escorts you to your seat at a theaterUsherette
61%
Small moist cloth used to wipe your faceTowelette
58%
The surgeon-general thinks this is bad for youCigarette
52%
Roll potato or mincemeat into a ball, coat with breadcrumbs, and deep-fryCroquette
34%
Flat French cake or buckwheat pancakeG{alette}
18%
Small chapter-heading illustration; or a small, pleasing, literary sketchVignette
18%
Lightly armed escort warshipCorvette
16%
Type of bedsheet that's nice and softFlannelette
16%
Vladimir Nabokov wrote about one in his novel LolitaNymphette
15%

Score Distribution

Percentile by Number Answered

Percent of People with Each Score

Your Score History

You have not taken this quiz